Sports Quiz

Random Sports or NBA Quiz
Score 0/10 Timer 05:00
0 Plays Today
Hint Answer % Correct
BullsMichael Jordan
100%
SpursTim Duncan
86%
Lakers, 76ersWilt Chamberlain
85.1%
CelticsBill Russell
85.1%
CelticsLarry Bird
85.1%
Lakers, Magic, HeatShaquille O'Neal
84.3%
LakersMagic Johnson
81%
LakersKobe Bryant
80.2%
BucksOscar Robertson
64.5%
LakersKareem-Abdul Jabbar
33.9%
Remove Ads.
Support Sporcle.
Get the best of Sporcle when you Go Orange. This ad-free experience offers more features, more stats, and more fun while also helping to support Sporcle. Thank you for becoming a member.

You're not logged in!

Compare scores with friends on all Sporcle quizzes.
OR
Log In

Show Comments

Extras

Created Dec 11, 2014SourceReportNominate
Tags:NBA Quiz, Player, Top 10

Top Quizzes Today


Score Distribution

Your Account Isn't Verified!

In order to create a playlist on Sporcle, you need to verify the email address you used during registration. Go to your Sporcle Settings to finish the process.

Report this User

Report this user for behavior that violates our Community Guidelines.

Details: